000
00327nam a22001457a 4500
003
SGT
020
_a
9789351500322
082
_a
954.05
_b
A14B
100
_a
BRASS, PAUL R.
245
_a
AN INDIAN POLITICAL LIFE
260
_a
INDIA
_b
SAGE PUBLICATIONS
_c
2014
300
_a
307
650
_a
INDIAN HISTORY
942
_2
ddc
_c
BK
999
_c
26280
_d
26280